• 首页
  • 本馆介绍
  • 公告通知
  • 最新文献
  • 馆藏检索
  • 电子资源
  • 读者导购
  • 参考咨询
  • 我的图书馆
  • 登录
  • 详细信息显示
  • 放入我的书架
  • 预约/预借图书
  • 作者相关作品
  • 分类相关作品
  • 丛书相关作品
  • 出版社相关作品

书目信息

  • 表格格式
  • 工作单格式
  • 卡片格式
题名:
电话交换原理
    
 
作者: ;安徽省邮电学校 编
分册:  
出版信息: 北京   人民邮电出版社  1981
页数: 455页
开本: 19cm
丛书名:
单 册:
中图分类: TN916.4
科图分类:
主题词: 电话交换--理论
电子资源:
ISBN:
000 00667nam0 2200241 45
001 0181004119
005 20040514105701.9
010    @dCNY1.15
091    @a15045.2475
100    @a19950614d1981 em y0chiy0121 ea
101 0  @achi
102    @aCN@b110000
105    @ay z 000yy
106    @ar
200 10 @a电话交换原理@Adian hua jiao huan yuan li@f安徽省邮电学校编
210    @a北京@c人民邮电出版社@d1981
215    @a455页@d19cm
606    @a电话交换@x理论
690    @aTN916.4@v3 
711 02 @a安徽省邮电学校@Aan hui sheng you dian xue xiao@4编
801  0 @aCN@b上海图书馆@c20040514
801  2 @aCN@bNLC@c20040514
905    @f2@b111737-738@dTN916.4@e6
    
    电话交换原理/安徽省邮电学校编.-北京:人民邮电出版社,1981
    455页;19cm
    
    
    ISBN :CNY1.15
    
●
相关链接 在E读中查询图书 在五车中查询图书 在当当中查询图书 在豆瓣中查询图书


正题名:电话交换原理     索取号:TN916.4/6         预约/预借

序号 登录号 条形码 馆藏地/架位号 状态 备注
1 0111737   001324150   第三借阅区/ [索取号:TN916.4/6] 在馆    
2 0111738   001324123   密集书库/ [索取号:TN916.4/6] 在馆    
3 0111739   001324114   第二样本阅览室/ [索取号:TN916.4/6] 在馆    
唐山师范学院图书馆 欢迎您!
大连网信软件有限公司© 版权所有